Multiple Choice City Quiz – Shaki - Statistics

General Stats
  • This quiz has been taken 7 times
  • The average score is 6 of 10
Answer Stats
Question Answer % Correct
What was the name of Shaki prior to 1968? Nukha
83%
Which fabric is traditionally used in making a Kalaghayi scarf? Silk
83%
Shaki Khan’s Palace was built in which century? 18th
67%
Which empire ruled Shaki before the Russian Empire? Safavid Empire
67%
Shaki’s traditional sweet is called what? Shaki halva
67%
Shaki was an important city on which historic trade route? Silk Road
67%
The Shaki Khanate was abolished by Russia in which year? 1819
50%
Which foreign country lies closest to Shaki? Georgia
50%
Shaki lies near which river? Kura
50%
What is the main meat used in piti? Lamb
50%
No matching quizzes found
Score Distribution
Percent of People with Each Score
Percentile by Number Answered
Your Score History
You have not taken this quiz